{"text_format":"3","workbook":"xlsx","n_sheets":3,"sheets":["印刷品","热敏纸","纸杯"],"read":"whole","date_system":"1900"}

{"sheet":"印刷品","index":0,"n_rows":90,"n_cols":6,"rows_kept":90}
["物品名称","规格参数","包装单位","单价","总数量","最高限价"]
["CT申请单","亚太A级60克双胶纸215mm×297mm每本100页糊头","本","4.6800",{"v":350,"d":"350.00"},{"$f":"(D2*E2)","v":{"v":1638,"d":"1,638.00"}}]
["X光申请及报告单","亚太A级60克双胶纸215mm×297mm每本100页糊头","本","4.6800",{"v":150,"d":"150.00"},{"$f":"(D3*E3)","v":{"v":702,"d":"702.00"}}]
["安全责任书",null,"本","4.8800",{"v":90,"d":"90.00"},{"v":439.2,"d":"439.20"}]
["保卫科巡逻记录","亚太A级60克双胶纸215mm×297mm每本100页糊头","本","5.8000",{"v":50,"d":"50.00"},{"v":290,"d":"290.00"}]
["病案封面","亚太A级120克双胶纸105mm×215mm彩色印刷加印号码","张","0.0760",{"v":20000,"d":"20,000.00"},{"v":1520,"d":"1,520.00"}]
["病理标本签收单","亚太A级60克双胶纸148mm×215mm每本100页封面印字包封面","本","3.8800",{"v":52,"d":"52.00"},201.76]
["病理标本送检申请单","亚太A级60克双胶纸215mm×297mm每本100页糊头","本","5.5500",{"v":100,"d":"100.00"},{"v":555,"d":"555.00"}]
["病历续页","亚太A级60克双胶纸215mm×297mm每本100页糊头","本","4.6800",{"v":200,"d":"200.00"},{"v":936,"d":"936.00"}]
["彩色B超申请单","亚太A级60克双胶纸148mm×215mm每本100页双色印刷","本","2.6800",{"v":250,"d":"250.00"},{"v":670,"d":"670.00"}]
["产科超声检查申请单","亚太A级60克双胶纸215mm×297mm每本100页糊头","本","5.5300",{"v":50,"d":"50.00"},{"v":276.5,"d":"276.50"}]
["产前检查告知","亚太A级60克双胶纸215mm×297mm每本100页糊头","本","5.5500",{"v":50,"d":"50.00"},{"v":277.5,"d":"277.50"}]
["长期医嘱","亚太A级60克双胶纸215mm×297mm每本100页糊头","本","4.6800",{"v":150,"d":"150.00"},{"v":702,"d":"702.00"}]
["磁供振(MRI)申请单","亚太A级60克双胶纸215mm×297mm双色印刷每本100页糊头","本","5.1500",{"v":50,"d":"50.00"},{"v":257.5,"d":"257.50"}]
["大额自费项目知情同意书","亚太A级60克双胶纸215mm×297mm每本100页糊头","本","4.6800",{"v":500,"d":"500.00"},{"v":2340,"d":"2,340.00"}]
["第一类精神药品使用知情同意书","亚太A级60克双胶纸215mm×297mm每本100页糊头","本","4.6800",{"v":50,"d":"50.00"},{"v":234,"d":"234.00"}]
["短期医嘱","亚太A级60克双胶纸215mm×297mm每本100页糊头","本","4.6800",{"v":350,"d":"350.00"},{"v":1638,"d":"1,638.00"}]
["翻身记录",null,"本","2.2000",{"v":52,"d":"52.00"},{"v":114.4,"d":"114.40"}]
["复印票证","亚太A级60克双胶纸70mm×180mm每本100页包封面印号码","本","1.9800",{"v":400,"d":"400.00"},{"v":792,"d":"792.00"}]
["合格证书","彩色","张","5.0000",{"v":27,"d":"27.00"},{"v":135,"d":"135.00"}]
["会议记录","亚太A级60克双胶纸215mm×297mm双色印刷封面印字包封面","本","5.1500",{"v":50,"d":"50.00"},{"v":257.5,"d":"257.50"}]
["急危重患者登记本","亚太A级60克双胶纸215mm×297mm每本100页糊头","本","4.6800",{"v":50,"d":"50.00"},{"v":234,"d":"234.00"}]
["急诊科护理交接记录","亚太A级60克双胶纸215mm×297mm每本100页糊头","本","4.5300",{"v":100,"d":"100.00"},{"v":453,"d":"453.00"}]
["急诊科抢救记录单","亚太A级60克双胶纸215mm×297mm每本100页糊头","本","4.6800",{"v":50,"d":"50.00"},{"v":234,"d":"234.00"}]
["记帐凭证封面","14*25牛皮纸150克","付","0.5500",{"v":500,"d":"500.00"},{"v":275,"d":"275.00"}]
["检验科打印纸","亚太A级70克双胶纸156mm×218mm满版印刷每本100页","本","3.0000",{"v":1550,"d":"1,550.00"},{"v":4650,"d":"4,650.00"}]
["奖状","A5","张","2.0000",{"v":142,"d":"142.00"},{"v":284,"d":"284.00"}]
["奖状","A4","张","3.0000",{"v":38,"d":"38.00"},{"v":114,"d":"114.00"}]
["奖状","A3","张","4.0000",{"v":21,"d":"21.00"},{"v":84,"d":"84.00"}]
["缴费款日报表",null,"份","0.0690",{"v":10000,"d":"10,000.00"},{"v":690,"d":"690.00"}]
["接受碘剂造影药志愿书","亚太A级60克双胶纸148mm×215每本100页糊头","本","2.7900",{"v":52,"d":"52.00"},145.08]
["精神药品处方笺","亚太A级60克双胶纸148mm×215mm每本100页糊头（精二）","本","2.6500",{"v":350,"d":"350.00"},{"v":927.5,"d":"927.50"}]
["就诊单","亚太A级60克双胶纸96mm*135mm100页/本糊头","本","1.4600",{"v":300,"d":"300.00"},{"v":438,"d":"438.00"}]
["科室质量管理手册","成品21*28.5，封面200克彩色平纹纸，内页70克双胶单色","本","54.0000",{"v":30,"d":"30.00"},{"v":1620,"d":"1,620.00"}]
["空白单","亚太A级60克双胶纸125mm×210mm每本100页糊头（各种检验报告）","本","2.6900",{"v":303,"d":"303.00"},815.07]
["轮转表","亚太A级70克双胶纸420mm×297mm","份","2.0000",{"v":40,"d":"40.00"},{"v":80,"d":"80.00"}]
["麻醉前访视评估单","亚太A级60克双胶纸215mm×297mm每本100页糊头","本","4.6800",{"v":100,"d":"100.00"},{"v":468,"d":"468.00"}]
["麻醉同意书","亚太A级60克双胶纸215mm×297mm每本100页糊头","本","4.6800",{"v":50,"d":"50.00"},{"v":234,"d":"234.00"}]
["麻醉药品处方(精一。麻)","亚太A级60克双胶纸148mm×215mm每本100页封面印字包封面","本","2.3500",{"v":200,"d":"200.00"},{"v":470,"d":"470.00"}]
["门诊处方打印纸",null,"盒","220.0000",{"v":213,"d":"213.00"},{"v":46860,"d":"46,860.00"}]
["门诊打印纸","无碳纸105*190mm 收费处二联","本","2.9800",{"v":3600,"d":"3,600.00"},{"v":10728,"d":"10,728.00"}]
["门诊打印纸","无碳纸105*181mm  收费处三联","本","3.6600",{"v":500,"d":"500.00"},{"v":1830,"d":"1,830.00"}]
["门诊打印纸","复印纸145*210mm  空白","本","2.8800",{"v":800,"d":"800.00"},{"v":2304,"d":"2,304.00"}]
["凭证盒","进品牛皮纸 150克牛皮纸","个","1.9000",{"v":500,"d":"500.00"},{"v":950,"d":"950.00"}]
["凭证盒包角","150克着色牛皮纸","个","0.4500",{"v":600,"d":"600.00"},{"v":270,"d":"270.00"}]
["荣誉证书","A3","本","18.8000",{"v":9,"d":"9.00"},{"v":169.2,"d":"169.20"}]
["荣誉证书","A4","本","8.8000",{"v":111,"d":"111.00"},{"v":976.8,"d":"976.80"}]
["手术病人查对卡","宁波白卡250克圆形直径8cm上方打孔套手环(串绳）","个","0.4350",{"v":6400,"d":"6,400.00"},{"v":2784,"d":"2,784.00"}]
["手术护理记录单","亚太A级60克双胶纸215mm×297mm每本100页糊头","本","4.5300",{"v":50,"d":"50.00"},{"v":226.5,"d":"226.50"}]
["手术患者耗材医嘱单","亚太A级60克双胶纸215mm×297mm每本100页糊头 双联复写","本","8.8600",{"v":150,"d":"150.00"},{"v":1329,"d":"1,329.00"}]
["铜板纸","120克双面铜板纸","包","18.8000",{"v":3,"d":"3.00"},{"$f":"(D51*E51)","v":{"v":56.4,"d":"56.40"}}]
["无痛麻醉知情同意书","亚太A级60克双胶纸215mm×297mm双色印刷每本100页糊头","本","4.6800",{"v":50,"d":"50.00"},{"v":234,"d":"234.00"}]
["细胞检验申请单","亚太A级60克双胶纸148mm×215m每本100页封面印字包封面","本","2.9800",{"v":52,"d":"52.00"},154.96]
["消防控制室值班记录","亚太A级60克双胶纸215mm×297mm每本100页糊头","本","5.8000",{"v":50,"d":"50.00"},{"v":290,"d":"290.00"}]
["消化道息肉切除同意书","亚太A级60克双胶纸215mm×297mm每本100页糊头","本","4.9800",{"v":50,"d":"50.00"},{"v":249,"d":"249.00"}]
["消化内镜申请单","亚太A级60克双胶纸215mm×297mm双色印刷每本100页(双面)","本","5.5500",{"v":50,"d":"50.00"},{"v":277.5,"d":"277.50"}]
["心电图申请单","亚太A级60克双胶纸215mm×297mm每本100页糊头","本","4.6800",{"v":150,"d":"150.00"},{"v":702,"d":"702.00"}]
["信封","80克牛皮纸390*540mm大","个","0.9800",{"v":1000,"d":"1,000.00"},{"v":980,"d":"980.00"}]
["信封","80克牛皮纸270*390mm中","个",0.21,{"v":1000,"d":"1,000.00"},{"v":210,"d":"210.00"}]
["信封","80克牛皮纸260*215mm小","个","0.0900",{"v":1000,"d":"1,000.00"},{"v":90,"d":"90.00"}]
["宣传折页","157克双面铜板纸190*210彩色双面","份","0.3900",{"v":4000,"d":"4,000.00"},{"v":1560,"d":"1,560.00"}]
["血液净化治疗单","亚太A级60克双胶纸215mm×297mm每本100页糊头","本","4.6800",{"v":200,"d":"200.00"},{"v":936,"d":"936.00"}]
["押运营业款交接单","10.5*29.5自动复写纸","本","9.8000",{"v":20,"d":"20.00"},{"v":196,"d":"196.00"}]
["一览卡","宁波250克白卡纸55mm×97mm","张","0.0180",{"v":27900,"d":"27,900.00"},{"v":502.2,"d":"502.20"}]
["医疗设备运行记录本","亚太A级60克双胶纸215mm×297mm双色印刷封面印字包封面","本","3.3000",{"v":52,"d":"52.00"},{"v":171.6,"d":"171.60"}]
["医生交班本","亚太A级60克双胶纸215mm×297mm双色印刷封面印字包封面","本","5.1500",{"v":50,"d":"50.00"},{"v":257.5,"d":"257.50"}]
["医生轮转表","复印纸A3","张","8.5000",{"v":25,"d":"25.00"},{"v":212.5,"d":"212.50"}]
["医嘱本","亚太A级60克双胶纸215mm×297mm双色印刷封面印字包封面","本","6.5100",{"v":50,"d":"50.00"},{"v":325.5,"d":"325.50"}]
["引流管标识",null,"个","0.1500",{"v":5400,"d":"5,400.00"},{"v":810,"d":"810.00"}]
["有效期标签","不干胶成品直角不干胶1.5*6cm","张","0.1300",{"v":20200,"d":"20,200.00"},{"v":2626,"d":"2,626.00"}]
["院内病人转科交接记录","亚太A级60克双胶纸215mm×297mm每本100页糊头","本","4.6800",{"v":50,"d":"50.00"},{"v":234,"d":"234.00"}]
["造影剂告知书","亚太A级60克双胶纸210mm×145mm每本100页糊头","本","2.7900",{"v":52,"d":"52.00"},145.08]
["粘帖单","不干胶215mm×297mm","本","1.0000",{"v":200,"d":"200.00"},{"v":200,"d":"200.00"}]
["治疗护理医用护嘱单","亚太A级60克双胶纸210mm×297mm每本100页糊头","本","4.6800",{"v":50,"d":"50.00"},{"v":234,"d":"234.00"}]
["种植病历","成品21*28.5，封面200克彩色平纹纸，内页70克双胶","本","1.9000",{"v":400,"d":"400.00"},{"v":760,"d":"760.00"}]
["X线头影测量片袋","150克着色牛皮纸440mm×580mm","张",{"v":1.1,"d":"1.1000"},{"v":50,"d":"50.00"},{"$f":"(D76*E76)","v":{"v":55,"d":"55.00"}}]
["病理回执单","亚太A级60克双胶纸125mm×210mm每本100页封面印字包封面","本",2.45,{"v":50,"d":"50.00"},{"v":122.5,"d":"122.50"}]
["病历袋","150克着色牛皮纸440mm×580mm","个",1.23,{"v":50,"d":"50.00"},{"v":61.5,"d":"61.50"}]
["病历档案盒","宁波白卡250克540mm×390mm","个",2.08,{"v":50,"d":"50.00"},{"v":104,"d":"104.00"}]
["病室报告","亚太A级60克双胶纸210mm×297mm每本100页封面印字包封面","本",5.55,{"v":50,"d":"50.00"},{"v":277.5,"d":"277.50"}]
["彩色病历封面","亚太A级120克双胶纸290mm×210mm彩色印刷加印号码","张",0.25,{"v":50,"d":"50.00"},{"v":12.5,"d":"12.50"}]
["防血栓标识","PVC彩色","张",4.9,{"v":50,"d":"50.00"},{"v":245,"d":"245.00"}]
["防压疮标识","PVC彩色","张",1.4,{"v":50,"d":"50.00"},{"v":70,"d":"70.00"}]
["防坠床标识","PVC彩色","张",1.35,{"v":50,"d":"50.00"},{"v":67.5,"d":"67.50"}]
["工作简报（彩色）","70克复印纸","张",5.6,{"v":50,"d":"50.00"},{"v":280,"d":"280.00"}]
["过塑膜","过塑膜210mm×297mm","张",0.95,{"v":50,"d":"50.00"},{"v":47.5,"d":"47.50"}]
["一级护理巡视卡","亚太A级60克双胶纸130mm×190mm每本100页打孔","张",2.55,{"v":50,"d":"50.00"},{"v":127.5,"d":"127.50"}]
["医务人员医德考评登记表","亚太A级60克双胶纸210mm×297mm双面","张",0.115,{"v":50,"d":"50.00"},5.75]
["植入式医疗器械领用记录本","亚太A级60克双胶纸210mm×297mm双色印刷封面印字包封面","本",5.55,{"v":50,"d":"50.00"},{"v":277.5,"d":"277.50"}]
["技术干部档案袋","150克着色牛皮纸440mm×580mm","个",1.93,{"v":50,"d":"50.00"},{"v":96.5,"d":"96.50"}]

{"sheet":"热敏纸","index":1,"n_rows":10,"n_cols":6,"rows_kept":10,"merged":[[0,0,0,5],[1,0,1,5],[10,0,10,5]]}
["南平市第二医院热敏纸询价清单"]
["报价单位：南平市建阳区旺达印刷品商行"]
["序号","印刷品名称","规格","单位","最高限价\n（单位：元）","投标人报价(下浮率)"]
[1,"热敏纸","80*60","卷",3.98]
[2,"热敏纸","80*80","卷",4.48]
[3,"热敏纸","80*110","卷",{"v":7.875,"d":"7.88"}]
[4,"热敏纸","50*30（带不干胶）","卷",8.55]
[5,"热敏纸","58*30（带不干胶）","卷",8.55]
[6,"铜板纸","70*50（带不干胶）","卷",{"v":7.875,"d":"7.88"}]
[7,"热敏纸","80*60（带不干胶）","卷",{"v":10.8,"d":"10.80"}]

{"sheet":"纸杯","index":2,"n_rows":4,"n_cols":5,"rows_kept":4,"merged":[[0,0,0,4],[1,0,1,4]]}
["南平市第二医院热敏纸询价清单"]
["报价单位：南平市建阳区旺达印刷品商行"]
["序号","印刷品名称","规格","单位","\n（单位：元）"]
[1,"纸杯","300克单淋膜白卡纸，容量是9盎司","个",0.13]